LEADER 02649nam 2200697Ia 450 001 9910964112003321 005 20200520144314.0 010 $a9786612386770 010 $a9781282386778 010 $a1282386778 010 $a9780814414514 010 $a0814414516 035 $a(CKB)2430000000011238 035 $a(EBL)472573 035 $a(OCoLC)503076571 035 $a(SSID)ssj0000336039 035 $a(PQKBManifestationID)11257821 035 $a(PQKBTitleCode)TC0000336039 035 $a(PQKBWorkID)10277667 035 $a(PQKB)10009113 035 $a(Au-PeEL)EBL472573 035 $a(CaPaEBR)ebr10354172 035 $a(CaONFJC)MIL238677 035 $a(OCoLC)649006487 035 $a(OCoLC)ocn649006487 035 $a(CaSebORM)9780814414507 035 $a(MiAaPQ)EBC472573 035 $a(FR-PaCSA)88811137 035 $a(FRCYB88811137)88811137 035 $a(Perlego)1694563 035 $a(EXLCZ)992430000000011238 100 $a20090731d2010 uy 0 101 0 $aeng 135 $aur|n|---||||| 181 $ctxt 182 $cc 183 $acr 200 14$aThe complete guide to hiring and firing government employees /$fStewart Liff 205 $a1st edition 210 $aNew York $cAMACOM$dc2010 215 $a1 online resource (241 p.) 300 $aDescription based upon print version of record. 311 08$a9780814414507 311 08$a0814414508 320 $aIncludes bibliographical references and index. 327 $aContents; Introduction; SECTION 1: HOW TO HIRE A GOVERNMENT EMPLOYEE; 1.The Government's Hiring Process; 2. Developing Your Strategy; 3. Screening and Interviewing the Candidates; 4. Post-Interview Review/Making Your Decision; SECTION 2: HOW TO FIRE A GOVERNMENT EMPLOYEE; 5. Handling Poor Employees; 6. Firing for Misconduct; 7. Firing for Poor Performance; 8. The Hearing; Notes; Index; A; B; C; D; E; F; G; H; I; J; K; L; M; N; O; P; Q; R; S; T; U; V; W; Y 330 $aHow to find great performers...and lose poor ones. 606 $aCivil service$xOfficials and employees$xSelection and appointment 607 $aUnited States$xOfficials and employees$xSelection and appointment 607 $aUnited States$xOfficials and employees$xDismissal of 615 0$aCivil service$xOfficials and employees$xSelection and appointment. 676 $a352.6/50973 676 $a658.31 700 $aLiff$b Stewart$01642783 801 0$bMiAaPQ 801 1$bMiAaPQ 801 2$bMiAaPQ 906 $aBOOK 912 $a9910964112003321 996 $aThe complete guide to hiring and firing government employees$94336890 997 $aUNINA LEADER 06361nam 22008295 450 001 9910590062903321 005 20260303093751.0 010 $a3-031-04805-9 024 7 $a10.1007/978-3-031-04805-0 035 $a(MiAaPQ)EBC7078088 035 $a(Au-PeEL)EBL7078088 035 $a(CKB)24748086100041 035 $a(DE-He213)978-3-031-04805-0 035 $a(PPN)264193016 035 $a(EXLCZ)9924748086100041 100 $a20220827d2022 u| 0 101 0 $aeng 135 $aurcnu|||||||| 181 $ctxt$2rdacontent 182 $cc$2rdamedia 183 $acr$2rdacarrier 200 10$aAntifungal Metabolites of Rhizobacteria for Sustainable Agriculture /$fedited by R.Z Sayyed, Anjana Singh, Noshiin Ilyas 205 $a1st ed. 2022. 210 1$aCham :$cSpringer International Publishing :$cImprint: Springer,$d2022. 215 $a1 online resource (385 pages) 225 1 $aFungal Biology,$x2198-7785 311 08$aPrint version: Sayyed, R. Z. Antifungal Metabolites of Rhizobacteria for Sustainable Agriculture Cham : Springer International Publishing AG,c2022 9783031048043 320 $aIncludes bibliographical references and index. 327 $aChapter. 1. Potential of Streptomyces and its Secondary Metabolites for Biocontrol of Fungal Plant Pathogens -- Chapter. 2. Antifungal Secondary Metabolites against Blast Fungus - Magnaporthe oryzae -- Chapter. 3. Utilization of Plant Growth Promoting Bacteria (PGPB) Against Phytopathogens -- Chapter. 4. PGPR in Biofilm Formation and Antibiotic Production -- Chapter. 5. Plant Growth Promoting Rhizobacteria As Antifungal Antibiotics Producers -- Chapter. 6. Biofungicidal Properties of Rhizobacteria for Plant Growth Promotion and Plant Disease Resistance -- Chapter. 7. Antifungal Compounds of Plant Growth Promoting Bacillus species -- Chapter. 8. Bioactive Biomolecules from Plant Growth-Promoting Rhizobacteria (PGPR) -- Chapter. 9. Metabolomic Profiling of Plant Growth Promoting Rhizobacteria for Biological Control of Phytopathogens -- Chapter. 10. Hydrolytic enzymes from PGPR against Plant Fungal Pathogens -- Chapter. 11. Induction of Hydrolytic Enzymes: A Criterion for Biological Control Candidates Against Fungal Pathogen -- Chapter. 12. Pseudomonas as Biocontrol Agent for Fungal Disease Management in Rice Crop -- Chapter. 13. Interaction of Mycorrhizal Fungi with Rhizospheric Microbes and their Mode of Action -- Chapter. 14. The Potential of Plant Growth Promoting Rhizobacteria (PGPR) as Biological Tools in Enhancing Agricultural Sustainability -- Chapter. 15. Role of Plant Growth Promoting Rhizobacteria (PGPR) in Food Security -- Chapter. 16. Plant-Microbe-Insect Interactions: Concepts and Applications for Agricultural Sustainability -- Chapter. 17. Exploring the Crucial Role of Plant Growth Promoting Rhizobacteria (PGPR) in Plant Secondary Metabolite Production and Diabetes management. 330 $aAntifungal Metabolites of Rhizobacteria for Sustainable Agriculture focuses on plant health in agro-ecosystems of various economically important cash and food crops with a concern to promote sustainable agriculture. They have emerged as a key organic tool for enhancing yields. In a natural environment the interactions between plants and phytopathogenic fungi are complex and survival requires a development of resistance to plant diseases. Diversity of Plant Growth Promoting Rhizobacteria (PGPR) diversity depends on the nature of root exudates and soil conditions that affect their interaction with host plants. Novel strategies, such as, applying bioactive natural products against the pathogenic fungus are required to control disease sustainably. Various classes of secondary metabolites including lipopeptides, macrolides, alkaloids, terpenoids and phenolics from microorganisms and plants strongly suppress fungal growth and can also be effective in controlling plant diseases both in vitro and in vivo. The modes of actions of some potential antifungal secondary metabolites against pathogenic fungus are also discussed. Eco-friendly fungal species and their metabolites are excellent agents used for regulating various fungal and bacterial phytopathogens and may have tremendous potential for other applications, and play a key role in enhancing plant tolerance to stress. Antifungal Metabolites of Rhizobacteria for Sustainable Agriculture also covers bovine-based formulations used for sustainable production and nutritional security through horticultural crops, thereby addressing the problems associated with malnutrition and under-nutrition encountered by small and marginal farmers, as well as by families facing resource constraints. These techniques can also improve breathable air, drinkable water, and consumable foods. This book addresses the need to mitigate the health problems of peoplevia organic crop production and to improve the socio-economic status of farmers (especially in developing countries), and to revitalize agricultural sustainability. 410 0$aFungal Biology,$x2198-7785 606 $aFungi 606 $aMycology 606 $aMicrobiology 606 $aBiotechnology 606 $aAgriculture 606 $aBiology$xTechnique 606 $aMolecular biology 606 $aFungi 606 $aBiotechnology 606 $aAgriculture 606 $aBiological Techniques 606 $aMolecular Biology 606 $aMedicaments antifúngics$2thub 606 $aAgricultura sostenible$2thub 608 $aLlibres electrònics$2thub 615 0$aFungi. 615 0$aMycology. 615 0$aMicrobiology. 615 0$aBiotechnology. 615 0$aAgriculture. 615 0$aBiology$xTechnique. 615 0$aMolecular biology. 615 14$aFungi. 615 24$aBiotechnology. 615 24$aAgriculture. 615 24$aBiological Techniques. 615 24$aMolecular Biology. 615 7$aMedicaments antifúngics 615 7$aAgricultura sostenible 676 $a615.792 676 $a338.1 702 $aSayyed$b Riyazali Z$g(Riyazali Zafarali), 702 $aSingh$b Anjana 702 $aIlyas$b Noshiin 801 0$bMiAaPQ 801 1$bMiAaPQ 801 2$bMiAaPQ 906 $aBOO 912 $a9910590062903321 996 $aAntifungal metabolites of rhizobacteria for sustainable agriculture$93363940 997 $aUNINA LEADER 04385nam 22006975 450 001 9910556885703321 005 20251202161912.0 010 $a9783030938857$b(electronic bk.) 010 $z9783030938840 024 7 $a10.1007/978-3-030-93885-7 035 $a(MiAaPQ)EBC6941322 035 $a(Au-PeEL)EBL6941322 035 $a(CKB)21435622000041 035 $a(BIP)83675963 035 $a(BIP)82452512 035 $a(DE-He213)978-3-030-93885-7 035 $a(iGPub)SPNA0087755 035 $a(EXLCZ)9921435622000041 100 $a20220328d2022 u| 0 101 0 $aeng 135 $aurcnu|||||||| 181 $ctxt$2rdacontent 182 $cc$2rdamedia 183 $acr$2rdacarrier 200 10$aWhy and How Humans Trade, Predict, Aggregate, and Innovate $eAn Economist?s Lessons on the Role of Human Behavior and Economic Systems /$fby Maurizio Bovi 205 $a1st ed. 2022. 210 1$aCham :$cSpringer International Publishing :$cImprint: Springer,$d2022. 215 $a1 online resource (195 pages) 225 1 $aContributions to Economics,$x2197-7178 311 08$aPrint version: Bovi, Maurizio Why and How Humans Trade, Predict, Aggregate, and Innovate Cham : Springer International Publishing AG,c2022 9783030938840 320 $aIncludes bibliographical references and index. 327 $aChapter 1. Prologue -- Chapter 2. Trading: Humans Are Heterogeneous Animals -- Chapter 3. Forecasting: Humans Are Prone-To-Predicting Animals -- Chapter 4. Aggregating: Humans Are Social Animals -- Chapter 5. Innovating: Humans Are Ingenious Animals -- Chapter 6. Epilogue. 330 $aTrading, forecasting, aggregating, and innovating (the Four) are key social interactions in human life at both the individual and aggregate levels. They are part of the human fabric because they stem from mankind?s peculiarities?heterogeneity, inclination to forecast, sociality, and inventiveness. But humans have multifaceted behavior, too. They are capable of having contradictory impulses towards one another, integrating and disintegrating as well as cooperating and dominating, and behaving prosocially and anti-socially. Hence, humans need to organize themselves in order to maintain, improve, and extend their social interactions as well as a safe and ordered life. Crucial intersections emerge naturally?the efficiency of humans? way of tackling the Four is a joint product of economic systems, institutions, and behaviors. All told, the main idea of this book is to include in a single tour a collection of insights on why and how humans implement the Four. The narrative highlights several connections as well as how key these businesses are as the traveler is escorted through some Four-related behavioral problems and institutional solutions that humans have been, respectively, facing and elaborating over time. Economics students may exploit this book by both inserting what they are learning from textbooks into a wider framework and enjoying some of the hints revealed by the grand social theorizing of giants such as A. Smith and J. Schumpeter. But the proposed tour may also attract outsiders to economics who are curious about disparate economic themes linked to the Four but who wish to gain an overview without engaging in longer readings. 410 0$aContributions to Economics,$x2197-7178 606 $aEconomics$xPsychological aspects 606 $aEconomics 606 $aEvolutionary economics 606 $aInstitutional economics 606 $aSchools of economics 606 $aBehavioral Economics 606 $aPolitical Economy and Economic Systems 606 $aInstitutional and Evolutionary Economics 606 $aHeterodox Economics 615 0$aEconomics$xPsychological aspects. 615 0$aEconomics. 615 0$aEvolutionary economics. 615 0$aInstitutional economics. 615 0$aSchools of economics. 615 14$aBehavioral Economics. 615 24$aPolitical Economy and Economic Systems. 615 24$aInstitutional and Evolutionary Economics. 615 24$aHeterodox Economics. 676 $a330 676 $a306.3 700 $aBovi$b Maurizio$0129171 801 0$bMiAaPQ 801 1$bMiAaPQ 801 2$bMiAaPQ 912 $a9910556885703321 996 $aWhy and How Humans Trade, Predict, Aggregate, and Innovate$92819527 997 $aUNINA